=LDR 00000nam 2200000 4500 =001 NUTBA000000000002841 =005 20140703121225.0 =006 =007 =008 =035 ##$$a 0010-071400000000029 =082 ##$$a 2x5.5 =100 ##$$a SHAFWAT JAUDAH AHMAD =245 ##$$a MENGU8BAH NASIB DENGAN DO'A =260 ##$$a JAKARTA $b NAJLA PRESS $c 2004 =850 ##$$a NBPNMAT =990 ##$$a 21400613/BPAP-NTB/20142014